000 01308nam0a2200313 4500
001 RU\NLR\bibl\1305289
005 20260405181011.0
021 _aRU
_b2008-79670
_94626
035 _a(NLR Aleph) 001290807
090 _a558008
_c558008
100 _a20081210d2008 |||y0rusy50 ca
101 0 _arus
102 _aRU
105 _ay |||||||||
200 1 _aУчастники уголовного судопроизводства
_eлекция
_fЛ. В. Яковлева
_gМ-во внутр. дел. Рос. Федерации, Краснодар. ун-т
210 _aКраснодар
_cКрУ МВД России
_d2008
215 _a98, [1] с.
_d20
320 _aБиблиогр.: с. 95-98 (51 назв.) и в подстроч. прим.
606 1 _aУчастники уголовного процесса
_jУчебные издания
_yРоссийская Федерация
_92168864
_3RU\NLR\auth\661304793
686 _aХ629.31я7
700 1 _4070
_8rus
_7ca
_aЯковлева
_bЛ. В.
_cканд. юрид. наук
_gЛюдмила Валерьевна
_3RU\NLR\AUTH\7777896
_960824
801 0 _aRU
_bNLR
_c20081210
_gRCR
801 1 _aRU
_bNLR
_c20081210
830 _aАвт. по кн.
942 _cBOOK
980 _aNB
980 _aNBR